Корея : (Record no. 432659)
[ view plain ]
| 000 -LEADER | |
|---|---|
| fixed length control field | 00921nam a2200193 a 4500 |
| 003 - CONTROL NUMBER IDENTIFIER | |
| control field | AM-YeHGA |
| 040 ## - CATALOGING SOURCE | |
| Original cataloging agency | AM-YeHGA |
| 090 ## - LOCALLY ASSIGNED LC-TYPE CALL NUMBER (OCLC); LOCAL CALL NUMBER (RLIN) | |
| -- | 435256 |
| 005 - DATE AND TIME OF LATEST TRANSACTION | |
| control field | 20250617155434.0 |
| 008 - FIXED-LENGTH DATA ELEMENTS--GENERAL INFORMATION | |
| fixed length control field | 180910s1958 b||||r|||||000|0|rus|| |
| 041 0# - LANGUAGE CODE | |
| Language code of text/sound track or separate title | rus |
| 245 00 - TITLE STATEMENT | |
| Title | Корея : |
| Remainder of title | История и экономика / |
| Statement of responsibility, etc. | Ред. коллегия: И.С. Казакевич (отв. ред.) и др.] ; Акад. наук СССР. Ин-т востоковедения. |
| 260 ## - PUBLICATION, DISTRIBUTION, ETC. | |
| Place of publication, distribution, etc. | Москва : |
| Name of publisher, distributor, etc. | Изд-во вост. лит., |
| Date of publication, distribution, etc. | 1958. |
| 300 ## - PHYSICAL DESCRIPTION | |
| Extent | 236 с., 1 л. карт. ; |
| Dimensions | 23 см. |
| 651 #4 - SUBJECT ADDED ENTRY--GEOGRAPHIC NAME | |
| Geographic name | Корейская Народно-Демократическая Республика |
| General subdivision | История |
| 653 0# - INDEX TERM--UNCONTROLLED | |
| Uncontrolled term | Экономика - Корейская Народно-Демократическая Республика |
| 700 1# - ADDED ENTRY--PERSONAL NAME | |
| Personal name | Казакевич, Игорь Степанович |
| Relator term | ред. |
| Relationship | edt |
| 942 ## - ADDED ENTRY ELEMENTS (KOHA) | |
| Source of classification or shelving scheme | Universal Decimal Classification |
| Koha item type | Գրքեր / Books |
| Withdrawn status | Lost status | Damaged status | Not for loan | Collection | Home library | Current library | Date acquired | Total checkouts | Full call number | Barcode | Date last seen | Price effective from | Koha item type | Public note |
|---|---|---|---|---|---|---|---|---|---|---|---|---|---|---|
| General | Fundamental Scientific Library | Fundamental Scientific Library | 31/05/2019 | РД II/61262 | FL0582480 | 31/05/2019 | 31/05/2019 | Գրքեր / Books | 30 Days Loan | |||||
| General | Fundamental Scientific Library | Fundamental Scientific Library | 05/06/2019 | РД II/61518 | FL0582736 | 05/06/2019 | 05/06/2019 | Գրքեր / Books | 30 Days Loan |
ՀՀ Գիտությունների ազգային ակադեմիայի հիմնարար գիտական գրադարան = Fundamental Scientific Library of NAS RA
All site content, except where otherwise noted, is licensed under a